Datum a čas kvízu
28.5
Celkem bodů
Celkový počet nahraných bodů na tomto kvízu bez doplňovacích otázek.
1.
Pořadí na kvízu
Konečné umístění týmu na tomto kvízu.
Zaznamenané odpovědi
| # | Otázka | Odpověď | Body | Výsledky |
|---|---|---|---|---|
| 1. | Že vánoční punk není mrtvý, má... | Bruntál | 0 | |
| 2. | Premiér jisté země byl minulý... | o Izraeli | 1 | |
| 3. | Křišťálovou lupu za online vid... | Honza Mikulka, Janek Rubeš | 0.5 | |
| 4. | Gambrinus ve čtvrtek oznámil j... | přestane stáčet pivo do plastových lahví | 1 | |
| 5. | Novým trenérem Tottenhamu Hots... | Mauricio Pochettino | 0 | |
| 6. | Toto téma minulý týden zvítězi... | Vídeň, 2005 | 1 | |
| 7. | Nespočet hlášek má na svém kon... | vycházky | 1 | |
| 8. | Televize Nova a sportovní přen... | Václav Tittelbach, Pavel Poulíček | 1 | |
| 9. | Autorem mnoha legendárních hlá... | Nemecký/Německý | 1 | |
| 10. | Jak se nazývá švédské lyžařské... | Åre | 1 |